00448nam a2200169Ia 4500003000400000005001700004008004100021020001800062040000700080041000800087082001900095100002300114245007600137260004000213300001200253365001300265OSt20230427094206.0210423s2008 xx 000 0 und d a9788130907437 cAL aeng a820.9 BLOV223 aBLOOM (Harold),Ed. aViva modern critical interpretations Nathanael Wests miss lonelyhearts. aNew DelhibViva Books Pvt Ltdc2008 a177bPB b125cINR